00826nam a2200193 a 450000100100000000500170001000800410002702000150006804000250008324500450010826000360015330000350018950000250022450400300024995201200027995201110039995201050051099900170061500003885220201002031409.0130430s20uu dr 000 0 spa d a9872095507 aDO-SdBNPbspacBNPHU03aEl abc de la biotecnología de plantas. aSanto omingo :bCEDAF,c[200?]. a92 p. :bil., retrs. ;c18 cm. aTexto a dos columnas aBibliografía : p. 85-86 001052708DSaGRbGRcCTd2013-04-30iLF1l0o p38852-30r2020-06-25te. 3w2020-06-25yLFDSZPréstamo interno 0010718PDaPDbPDcCTd2013-04-30iLF1l0o p38852-10r2020-06-25te. 2w2020-06-25yLFPDZNo se presta 0010718PDaPDbPDcCTd2013-04-30iLF1l0o p38852-20r2020-06-25w2020-06-25yLFPDZNo se presta c38342d38342